LIBRARY & INFORMATION CENTRE, KCAET, TAVANUR

ONLINE PUBLIC ACCESS CATALOGUE (OPAC)

Comprehensive inorganic chemistry, Vol 5 / (Record no. 9361)

MARC details
000 -LEADER
fixed length control field 00491cam a2200193ua 4500
041 ## - LANGUAGE CODE
Language code of text/sound track or separate title eng
082 ## - DEWEY DECIMAL CLASSIFICATION NUMBER
Classification number 546.7
Item number SNE/CO
100 ## - MAIN ENTRY--AUTHOR NAME
Personal name Sneed, Cannon M .
245 ## - TITLE STATEMENT
Title Comprehensive inorganic chemistry, Vol 5 /
250 ## - EDITION STATEMENT
Edition statement 1 /
260 ## - PUBLICATION, DISTRIBUTION, ETC. (IMPRINT)
Place of publication Toronto :
Name of publisher D Van nostrand co ,
Year of publication 1963.
300 ## - PHYSICAL DESCRIPTION
Number of Pages 214 ; .
700 1# - ADDED ENTRY--PERSONAL NAME
Personal name Brasted, Robert C .
942 ## - ADDED ENTRY ELEMENTS (KOHA)
Koha item type Books
Holdings
Withdrawn status Lost status Damaged status Home library Current library Date acquired Full call number Accession Number Koha item type
      KAUAET KAUAET 07/04/2012 546.7 SNE/CO 10614 Books
free website counter